| 000 | 00867nam a2200217Ii 4500 | ||
|---|---|---|---|
| 003 | JO-AjNU | ||
| 008 | 230605s9999||||xx |||||||||||||| ||und|| | ||
| 020 | _a978-1-56564-608-7 | ||
| 040 |
_aJO-AjNU _bara _erda _cJO-AjNU |
||
| 041 | _aara | ||
| 050 | 1 | 4 | _aBP175.I863 2014 |
| 100 | 3 |
_aإسماعيل، آزاد علي, _eauthor _952279 |
|
| 245 | 0 | 0 | _aالدين والصحة النفسية |
| 250 | _aط1 | ||
| 264 | 3 | 1 | _aفيرجينيا: المعهد العالمي للفكر الاسلامي، 2014 |
| 300 |
_a157ص _bقائمة المراجع ص 145-154 ؛ كشاف المصطلحات والاعلام ص 155-157 |
||
| 336 |
_atext _btxt _2rdacontent |
||
| 337 |
_aunmediated _bn _2rdamedia |
||
| 338 |
_avolume _bnc _2rdacarrier |
||
| 650 | 4 |
_aالاسلام والصحة النفسية- الاسلام وعلم النفس- العلاج الروحي _952280 |
|
| 999 |
_aA23149 _c26717 _d26717 |
||